000 00938nam a2200241 a 4500
001 49033
003 BD-RjUL
005 20211209054626.0
008 160817s1970 ii |||| ||| 000 0 ben d
020 _c: Tk. 7.00
035 _a(BD-RjUL)49152
040 _aBD-RjUL
_bben
_cBD-RjUL
_dBD-RjUL
041 _aben
082 _223
_a891.441
_bMOM 1970
100 1 _aমজুমদার, মোহিতলাল
_9118516
245 1 0 _aমোহিতলাল মজুমদারের শ্রেষ্ঠ কবিতা /
_cমোহিতলাল মজুমদার, ভবতোষ দত্ত সম্পাদিত
260 _aকলকাতা :
_bভারবি,
_c১৯৭০ [১৩৭৬]
300 _a১৪৩ পৃ. ;
_c২১ সেমি.
650 _aবাংলা কবিতা
_9147551
650 _aBengali poetry
_9147552
700 _aদত্ত, ভবতোষ
_9123862
942 _2ddc
_cBK
999 _c49033
_d49033